| 000 | 00668nam a2200205Ia 4500 | ||
|---|---|---|---|
| 001 | 12649 | ||
| 003 | GE_BSU | ||
| 008 | 181216s||||||||xx |||||||||||||| ||und|| | ||
| 040 | _cGE_BSU | ||
| 080 | _a635(035) | ||
| 245 | _aСправочных по семеноводству овощных и бахчевых культур | ||
| 245 | _cПод.ред.Г.Б.Даллакяна | ||
| 260 | _aМосква | ||
| 260 | _bКолос | ||
| 260 | _c1964 | ||
| 300 | _a694стр. | ||
| 300 | _eТаблицы.Приложения с.668 | ||
| 653 | _aСправочных по семеноводству овощных и бахчевых культур | ||
| 942 | _cBK | ||
| 999 |
_c45820 _d45820 |
||